00450nam a2200157Ia 450000500170000000800410001708200130005810000190007124500270009026000330011730000120015065000100016294200060017295200990017899900150027720250405164252.0240331s9999 xx 000 0 und d bSIVa894 aSivasekaram, S 0aSeppanittap padimangal aChennaibChennai Booksc1988 a56 p ., aPoems cL 001040708LaWERCLbWERCLcSSCd2024-03-31l0o 894.811 SIVp5783r2024-03-31w2024-03-31yL c4209d4209